Voyages, decouverts, lutte et conquetes: des europeens dans le nouveau monde

Saved in:
Bibliografiske detaljer
Format: Bog
Sprog:fransk
Udgivet: París Pierre Berès 1976
Serier:Ancienne Collection J. Ferreira das Nives
Fag:
Tags: Tilføj Tag
Ingen Tags, Vær først til at tagge denne postø!

MARC

LEADER 00000nam a2200000 a 4500
001 UCW0301
003 CL-VaPUC
008 921103e19760000FR |||||||||||||||||fre|d
082 0 4 |a 980.016  |b VOY  |2 21 
245 1 0 |a Voyages, decouverts, lutte et conquetes: des europeens dans le nouveau monde 
300 |a 160 p 
942 |c BK 
945 |d 19921103 00:00:00 
260 |a París  |b Pierre Berès  |c 1976 
650 7 |a DESCUBRIMIENTO Y EXPLORACIONES  |2 CL-VaPUC  |9 304245 
650 7 |a BIBLIOGRAFIA  |2 CL-VaPUC  |9 256175 
651 0 |a América  |9 255182 
583 |a last modification  |c 20120528 08:53:39  |k Rodrigo Vera 
490 0 |a Ancienne Collection J. Ferreira das Nives 
999 |c 215513  |d 215511 
952 |0 0  |1 0  |4 0  |6 980_016000000000000_VOY_1976  |7 0  |8 A  |9 199852  |a BIBART  |b BIBART  |d 2019-11-14  |i 2671182  |o 980.016 VOY 1976  |p 2671182  |r 2025-03-13  |w 2019-11-14  |y BK  |k ART